Tribhuvan University Central Library

चामल खानेहरू र चाेेलानी पिउनेहरुः (Record no. 119182)

MARC details
000 -LEADER
fixed length control field 00670nam a22001697a 4500
008 - FIXED-LENGTH DATA ELEMENTS--GENERAL INFORMATION
fixed length control field 250106b |||||||| |||| 00| 0 eng d
020 ## - INTERNATIONAL STANDARD BOOK NUMBER
International Standard Book Number 9789937299831
041 ## - LANGUAGE CODE
Language code of original Nep.
082 ## - DEWEY DECIMAL CLASSIFICATION NUMBER
Edition number 23rd
Classification number N891.4951/L464c
100 ## - MAIN ENTRY--PERSONAL NAME
Personal name लामिछाने, सन्ताेष
245 ## - TITLE STATEMENT
Title चामल खानेहरू र चाेेलानी पिउनेहरुः
Remainder of title कविता संग्रह /
Statement of responsibility, etc. सन्ताेष लामिछाने.
260 ## - PUBLICATION, DISTRIBUTION, ETC.
Place of publication, distribution, etc. काभ्रेः
Name of publisher, distributor, etc. जनमत प्रकाशन,
Date of publication, distribution, etc. २०७२वि.
300 ## - PHYSICAL DESCRIPTION
Extent १२२पृ.
650 ## - SUBJECT ADDED ENTRY--TOPICAL TERM
Topical term or geographic name entry element Nepali literature
650 ## - SUBJECT ADDED ENTRY--TOPICAL TERM
Topical term or geographic name entry element Poetry
942 ## - ADDED ENTRY ELEMENTS (KOHA)
Source of classification or shelving scheme Dewey Decimal Classification
Koha item type ISBN
Holdings
Withdrawn status Lost status Source of classification or shelving scheme Damaged status Not for loan Home library Current library Date acquired Total Checkouts Full call number Barcode Date last seen Price effective from Koha item type
    Dewey Decimal Classification     Tribhuvan University Central Library Tribhuvan University Central Library 01/06/2025   N891.4951/L464c IS27910 01/06/2025 01/06/2025 ISBN